| Tag |
First Indicator |
Second Indicator |
Subfields |
| LEADER |
00000cam a2200000 a 4500 |
| 001 |
in00000025696 |
| 005 |
20151007054436.0 |
| 008 |
870414s1986 nyuab 00010 eng |
| 010 |
|
|
|a 87400450
|
| 020 |
|
|
|a 0939994240 (pbk.) :
|c $5.00
|
| 035 |
|
|
|a (OCoLC)15791115
|
| 035 |
|
|
|9 AAB5069AM
|
| 040 |
|
|
|a DLC
|c DLC
|d m/c
|d TXA
|d UtOrBLW
|
| 043 |
|
|
|a a-af---
|
| 049 |
|
|
|a TXAM
|c [A11086749]
|
| 050 |
0 |
0 |
|a HV9785.6
|b .A82 1986
|
| 082 |
0 |
|
|a 365/.643
|2 19
|
| 110 |
2 |
|
|a Amnesty International.
|
| 245 |
1 |
0 |
|a Afghanistan, torture of political prisoners.
|
| 264 |
|
1 |
|a New York, N.Y. :
|b Amnesty International Publications,
|c 1986.
|
| 300 |
|
|
|a i, 51 pages :
|b illustrations, map ;
|c 28 cm.
|
| 336 |
|
|
|a text
|b txt
|2 rdacontent
|
| 337 |
|
|
|a unmediated
|b n
|2 rdamedia
|
| 338 |
|
|
|a volume
|b nc
|2 rdacarrier
|
| 500 |
|
|
|a "November 1986."
|
| 500 |
|
|
|a Errata slip inserted.
|
| 500 |
|
|
|a "AI index: ASA/11/04/86."
|
| 650 |
|
0 |
|a Political prisoners
|z Afghanistan.
|
| 650 |
|
0 |
|a Torture
|z Afghanistan.
|
| 651 |
|
0 |
|a Afghanistan
|x History
|y Soviet occupation, 1979-1989.
|
| 999 |
|
|
|a MARS
|
| 999 |
f |
f |
|s c334253e-d004-3b18-ad7c-7b0ba753daa4
|i fd05a583-8e25-3bf8-ab16-a9749832a510
|t 0
|
| 952 |
f |
f |
|p ric
|a Texas A&M University
|b Rellis Campus
|c Joint Library Facility
|d Remote Storage
|t 0
|e HV9785.6 .A82 1986
|h Library of Congress classification
|i unmediated -- volume
|m A14811086749
|
| 998 |
f |
f |
|a HV9785.6 .A82 1986
|t 0
|l Remote Storage
|